Oldest and Most Populous Cities (Top 50, With Countries) - Statistics

General Stats
  • This quiz has been taken 17 times
  • The average score is 26 of 50
Answer Stats
Age Country Population City % Correct
7250 BC Jordan 5,700,000 Amman
100%
2000 BC Iraq 7,150,000 Baghdad
100%
c. 3000 BC Israel 1,010,000 Jerusalem
100%
1300s BC Italy 3,500,000 Rome
100%
5000s BC Bulgaria 1,300,000 Sofia
100%
6000 BC Iran 15,500,000 Tehran
100%
before 3000s BC Egypt 21,500,000 Cairo
93%
9000 BC Syria 3,900,000 Damascus
93%
c. 6500 BC Turkey 3,050,000 İzmir
93%
1000s BC Italy 4,150,000 Naples
93%
c. 3300 BC Armenia 1,500,000 Yerevan
93%
5000 BC Syria 1,940,000 Aleppo
87%
c. 2000 BC Turkey 5,150,000 Ankara
87%
before 1400 BC Greece 3,500,000 Athens
87%
1045 BC China 20,000,000 Beijing
87%
1800 BC Israel 2,725,000 Tel Aviv
87%
c. 4700 BC China 7,100,000 Xi'an
87%
3300 BC Palestine 2,025,000 Gaza
80%
c. 1200 BC Portugal 2,500,000 Lisbon
80%
2300 BC Iraq 1,120,000 Erbil
73%
c. 1500 BC China 9,250,000 Wuhan
73%
c. 3000 BC China 7,550,000 Hong Kong
67%
5200 BC Turkey 2,125,000 Bursa
60%
2400s BC Iraq 1,430,000 Mosul
60%
6000 BC Turkey 1,750,000 Adana
53%
c. 1600 BC China 10,000,000 Chengdu
53%
3000s BC Turkey 1,700,000 Gaziantep
53%
c. 2700 BC Iran 3,250,000 Isfahan
53%
c. 2000 BC Iran 1,800,000 Shiraz
47%
c. 2300s BC Iraq 1,050,000 Kirkuk
40%
c. 1159 BC China 5,050,000 Changsha
33%
3000 BC Turkey 1,330,000 Konya
33%
2070 BC China 2,650,000 Luoyang
27%
4800 BC China 3,325,000 Ningbo
27%
1000s BC Tunisia 1,170,000 Sousse
27%
1800 BC India 1,970,000 Varanasi
27%
before 2070 BC China 5,100,000 Zhengzhou
27%
1104 BC Morocco 1,220,000 Agadir
20%
c. 2500 BC China 5,400,000 Wenzhou
20%
2000 BC China 1,750,000 Anyang
13%
c. 2000 BC Japan 1,310,000 Hamamatsu
7%
6500 BC China 1,730,000 Handan
7%
2000 BC China 1,240,000 Baoji
0%
4700 BC China 1,150,000 Chifeng
0%
2000s BC China 1,270,000 Rizhao
0%
c. 4100 BC China 1,490,000 Tai'an
0%
1046 BC China 1,090,000 Tengzhou
0%
2000s BC India 1,230,000 Tiruchirappalli
0%
3500 BC China 1,580,000 Xingtai
0%
2500 BC China 1,530,000 Zhangjiakou
0%
No matching quizzes found
Score Distribution
Percent of People with Each Score
Percentile by Number Answered
Your Score History
You have not taken this quiz